000 01132 a2200241 4500
005 20080827162026.0
008 080827t xxu||||| |||| 00| 0 hin d
010 _aHIN-83309
020 _c100.00
_a8187377165
035 _aHN-55655
037 _bपु.प्र.अ.प्र /प्रका
082 _a
100 _aदास, मंजुला
245 _aमुझे इन्तजार था /
_cमंजुला दास
246 _aMujhe intjar tha
_bby Manjula Das
260 _aनई दिल्ली
_bगीता इन्टरप्राईज़
_c2006
270 _aजे-436, बलजीत नगर, प्रेम नगर रोड
_bनई दिल्ली
_e110008
_k9212419624
300 _a101पृ
_c19सेमी (सजिल्द)
650 _aहिन्दी कहानियाँ
650 _aHindi Stories
942 _adpl
_cHN
_kक / दासमं
_2ddc
_h
_m दासमं
999 _c12123
_d12123